Solid Mechanics (Record no. 9205)

MARC details
000 -LEADER
fixed length control field 00225nam a2200109 4500
082 ## - DEWEY DECIMAL CLASSIFICATION NUMBER
Classification number KAZ
100 ## - MAIN ENTRY--AUTHOR NAME
Personal name Kami, S.M.A
245 ## - TITLE STATEMENT
Title Solid Mechanics
260 ## - PUBLICATION, DISTRIBUTION, ETC. (IMPRINT)
Place of publication India:
Name of publisher Tata McGraw-Hill,
Year of publication 1995.
300 ## - PHYSICAL DESCRIPTION
Number of Pages 450p. ;
942 ## - ADDED ENTRY ELEMENTS (KOHA)
Koha item type Books
Holdings
Withdrawn status Lost status Home library Current library Date acquired Cost, normal purchase price Full call number Accession Number Koha item type
    Central Library, QUEST, Nawabshah Central Library, QUEST, Nawabshah 26/08/2014 225.00 KAZ 19238 Books
    Seminar Library, Civil Engg. Seminar Library, Civil Engg. 26/08/2014 225.00 KAZ 19237 Books